| 000 | 00409nam a2200133Ia 4500 | ||
|---|---|---|---|
| 003 | GCL | ||
| 008 | 140319s9999 xx 000 0 ara d | ||
| 040 |
_aGCL / _cGCL |
||
| 082 | 0 | 4 |
_a801.95 _bح ا |
| 100 | 1 | _aحسام الخطيب | |
| 245 | 1 | 0 |
_aافاق الادب المقارن عربيا وعالميا / _cحسام الخطيب |
| 300 | _a272 ص | ||
| 490 |
_aدراسات فى الادب المقارن _v0 |
||
| 999 |
_c37801 _d37801 |
||